| 000 | 00000nam 2200000zi 4500 |
| 001 | 9.883132 |
| 003 | CaOODSP |
| 005 | 20250820154809 |
| 006 | m o d f |
| 007 | cr ||||||||||| |
| 008 | 191223t20252025oncbd obs f000 0 eng d |
| 020 | |a9780660336138 |
| 040 | |aCaOODSP|beng|erda|cCaOODSP |
| 043 | |an-cn--- |
| 086 | 1 |aH139-87/2025E-PDF |
| 100 | 1 |aBoileau-Falardeau, Michèle, |eauthor. |
| 245 | 10|aIn focus : |bthe emergence of opioids in Canada / |cMichèle Boileau-Falardeau, Caroline Maurice-Gélinas, Justin Dyck, Sophie Gagnon, Melina Thibault, Cindy Leung Soo, Marie-Line Gilbert, Janike Pitre, Benoit Archambault. |
| 264 | 1|a[Ottawa] : |bHealth Canada, Drug Analysis Service, |c[2025] |
| 264 | 4|c©2025 |
| 300 | |a1 online resource (21 pages) : |bgraphs, map |
| 336 | |atext|btxt|2rdacontent |
| 337 | |acomputer|bc|2rdamedia |
| 338 | |aonline resource|bcr|2rdacarrier |
| 500 | |aIssued also in French under title: Point focal : l'émergence des opioïdes au Canada. |
| 500 | |a"Pub.: 240868." |
| 504 | |aIncludes bibliographical references (page 20). |
| 650 | 0|aOpioid abuse|zCanada|vStatistics. |
| 650 | 0|aOpioids|vStatistics. |
| 655 | 7|aStatistics|2lcgft |
| 710 | 1 |aCanada. |bHealth Canada, |eissuing body. |
| 775 | 08|tPoint focal : |w(CaOODSP)9.883133 |
| 856 | 40|qPDF|s1.86 MB|uhttps://publications.gc.ca/collections/collection_2025/sc-hc/H139-87-2025-eng.pdf |
| 856 | 4 |qHTML|sN/A|uhttps://www.canada.ca/en/health-canada/services/publications/healthy-living/emergence-opioids-canada.html |